Ahora o nunca / (Registro nro. 7091)

Detalles MARC
000 -LIDER
fixed length control field 00754nam a2200265 a 4500
001 - NÚMERO DE CONTROL
Identificador de número de control 000042571
003 - IDENTIFICACDOR DE NÚMERO DE CONTROL
control field 000042571
005 - DATE AND TIME OF LATEST TRANSACTION
control field 20180316150317.0
008 - ELEMENTOS DE LONGITUD FIJA
fixed length control field 140128s2008 dr 000 0 spa d
020 ## - ISBN
International Standard Book Number 9789945427486
040 ## - FUENTE DE CATALOGACIÓN
Agencia que crea de manera original el registro BPMSU
Idioma de catalogación spa
Agencia que realiza la transcripción BPMSU
082 #4 - NÚMERO DE CLASIFICACIÓN DECIMAL DE DEWEY
Classification number RD863.44
Item number F825a
092 ## - LOCALLY ASSIGNED DEWEY DECIMAL CALL NUMBER
Número de edición
100 1# - ASIENTO PRINCIPAL -- NOMBRE PERSONAL
Nombre personal Franco, Federico
245 10 - MENCIÓN DE TITULO
Título Ahora o nunca /
Mención de responsabilidad Federico Franco.
260 ## - PUBLICACIÓN, DISTRIBUCIÓN, ETC. (PIE DE IMPRENTA)
Lugar de publicación, distribución, etc Santo Domingo :
Nombre del editor, distribuidor, etc. Mediabyte,
Fecha de publicación, distribución, etc 2008.
300 ## - DESCRIPCIÓN FÍSICA
Extensión 283 p. ;
Dimensiones 22 cm.
500 ## - NOTA GENERAL
Nota general Incluye datos biográficos del autor en las solapas
650 #4 - ENCABEZAMIENTO DE MATERIA--TEMÁTICO
Término temático o nombre geográfico como elemento de entrada NOVELA DOMINICANA
650 #4 - ENCABEZAMIENTO DE MATERIA--TEMÁTICO
Término temático o nombre geográfico como elemento de entrada LITERATURA DOMINICANA
942 ## - ADDED ENTRY ELEMENTS (KOHA)
Source of classification or shelving scheme Dewey Decimal Classification
Koha item type Libros
945 ## - INFORMACIÓN DE PROCESAMIENTO LOCAL
Información de procesamiento local Remanejado para la BNPHU, 2018 / BT
956 ## - LOCAL ELECTRONIC LOCATION AND ACCESS (OCLC)
Nombre de host VMATEO
Número de acceso
Información de compresión 20160920
Trayectoria BPMSU
Nombre Electrónico 0069
956 ## - LOCAL ELECTRONIC LOCATION AND ACCESS (OCLC)
Nombre de host MFILETO
-- 40
Existencias
Withdrawn status Lost status Source of classification or shelving scheme Damaged status Not for loan Collection code Home library Current library Date acquired Total Checkouts Full call number Barcode Date last seen Price effective from Koha item type Copy number
    Dewey Decimal Classification     Colección Dominicana Biblioteca Pública Metropolitana Salomé Ureña Biblioteca Pública Metropolitana Salomé Ureña 07/07/2014   RD 863.44 F825a BPMSU15040450 07/07/2014 07/07/2014 Libros  
    Dewey Decimal Classification     Colección Dominicana Biblioteca Pública Metropolitana Salomé Ureña Biblioteca Pública Metropolitana Salomé Ureña 07/07/2014   RD 863.44 F825a BPMSU15040451 07/07/2014 07/07/2014 Libros ej. 2